Recopilacion de instrumentos internacionales regionales y nacionales (Registro nro. 11408)

Detalles MARC
000 -LEADER
fixed length control field 00953nam a2200217Ia 4500
005 - FECHA Y HORA DE LA ÚLTIMA TRANSACCIÓN
control field 20240422165503.0
008 - FIXED-LENGTH DATA ELEMENTS--GENERAL INFORMATION
fixed length control field 240417s9999 xx 000 0 und d
020 ## - INTERNATIONAL STANDARD BOOK NUMBER
International Standard Book Number 978-99961-901-5-5
040 ## - CATALOGING SOURCE
Original cataloging agency UPAN
Transcribing agency Biblioteca San Vicente
Description conventions RCAA2
041 ## - LANGUAGE CODE
Language code of text/sound track or separate title spa
082 ## - DEWEY DECIMAL CLASSIFICATION NUMBER
Classification number 323.34
Item number R311r
año de publicación 2015
110 ## - MAIN ENTRY--CORPORATE NAME
Corporate name or jurisdiction name as entry element UTE
245 #0 - TITLE STATEMENT
Title Recopilacion de instrumentos internacionales regionales y nacionales
Remainder of title Sobre los derechos humanos de las mujeres y poblaciones clave
250 ## - EDITION STATEMENT
Edition statement 1° ed.
260 ## - PUBLICATION, DISTRIBUTION, ETC. (IMPRINT)
Place of publication, distribution, etc El Salvador
Name of publisher, distributor, etc Unidad Tecnica Ejecutiva
Date of publication, distribution, etc 2015
300 ## - PHYSICAL DESCRIPTION
Extent 712 p.
Dimensions 23 cm.
505 ## - FORMATTED CONTENTS NOTE
Formatted contents note - Instrumentos internacionales.<br/>- Instrumentos regionales.<br/>- Instrumentos nacionales.<br/>- Documentos relacionados.<br/>- Informes sobre la situación de los derechos humanos de las mujeres y poblaciones clave en mayor contexto de vulnerabilidad.
650 ## - SUBJECT ADDED ENTRY--TOPICAL TERM
Source of heading or term LEMB
General subdivision Mujeres
Topical term or geographic name as entry element Aspectos sociales
650 ## - SUBJECT ADDED ENTRY--TOPICAL TERM
Source of heading or term LEMB
General subdivision Derechos de la mujer
Geographic subdivision El Salvador
942 ## - ADDED ENTRY ELEMENTS (KOHA)
Koha item type Libros
Source of classification or shelving scheme Dewey Decimal Classification
Existencias
Withdrawn status Lost status Source of classification or shelving scheme Damaged status Not for loan Collection code Home library Current library Date acquired Total Checkouts Full call number Barcode Date last seen Copy number Price effective from Koha item type
    Dewey Decimal Classification     Colección General Biblioteca UPAN San Vicente Biblioteca UPAN San Vicente 17/04/2024   323.34 R311r 12004499 17/04/2024 01 17/04/2024 Libros